000 00554nam a22001817a 4500
005 20231109125733.0
008 231109b |||||||| |||| 00| 0 eng d
020 _a0702163708
041 _aEnglish
082 _a346.2 CON
100 _aVan der Merwe, S et al.
_lEnglish
245 _aContract: General Principles /
_cS Van der Merwe et al.
250 _aSecond Edition
260 _aCape Town :
_bJUTA Law,
_c2003
300 _blxviii, 556 pages ;
_c25,5 cm.
650 _aLegal practice
_bLaw
942 _cBK
_6ALISON_BN_VRIES
999 _c480
_d480